000 00535nam a2200181Ia 4500
008 100917s9999 xx 000 0 und d
082 _b49375
100 _aअष्टीकर मंदाकिनी
245 _aस्वप्नगंधा
260 _bमनोरमा प्रकाशन
_c1979
300 _a183
365 _b18
520 _aकादंबरी
630 _aस्वप्नगंधा
650 _aकादंबरी
730 _aस्वप्नगंधा
942 _cBOOK
999 _c654769
_d654766